Dobro príbehy zo psychoterapie

V príbehoch zo psychoterapie autor približuje trinástich klientov, ktorých sprevádzal počas psychoterapie pri hľadaní dobra - ich vlastnej múdrosti, ktorá im môže pomôcť zvládať duševné ťažkosti, životné problémy či zložité vzťahy. Nie je to zbierka pracovných úspechov. O svojich klientoch píše s re...

Full description

Bibliographic Details
Main Author: Heretik, Anton, 1950- (Author)
Other Authors: Kramár, Jpzef (Narrator)
Format: CD Audio
Language:Slovak
PhysicalDescription:1 elektronický optický disk (CD-ROM) digitálny, mono, MP3 12 cm
Published: Levoča Slovenská knižnica pre nevidiacich Mateja Hrebendu 2023
ISBN:9788018112649
Subjects:

MARC

LEADER 00000nim a2200000 a 4500
001 vtls012228970
003 SK-MaSNL
005 20260301171037.0
007 sd fsngnnmmnud
008 230504s2023 xo nnnnfs f n slo
015 |a SNBJ2024 
020 |a 9788018112649  |q (zvuková kniha) 
040 |a SNK  |b slo  |c SNK  |e AACR2 
041 0 |a slo 
044 |a xo  |c SK 
072 7 |a 821.162.4-3  |x Slovenská próza  |2 konspekt 
080 |a 615.851  |2 2011 
080 |a 616.89-052  |2 2011 
080 |a 821.162.4-32  |2 2011 
080 |a (0:82-32)  |2 2011 
080 |a (086.76)  |2 2001 
100 1 |a Heretik, Anton,  |d 1950-  |4 aut  |9 25954 
245 1 0 |a Dobro  |h elektronický zdroj  |b príbehy zo psychoterapie  |c Anton Heretik ; číta: Jozef Kramár 
260 |a Levoča  |b Slovenská knižnica pre nevidiacich Mateja Hrebendu  |c 2023 
300 |a 1 elektronický optický disk (CD-ROM)  |b digitálny, mono, MP3  |c 12 cm 
306 |a 052200 
520 8 |a V príbehoch zo psychoterapie autor približuje trinástich klientov, ktorých sprevádzal počas psychoterapie pri hľadaní dobra - ich vlastnej múdrosti, ktorá im môže pomôcť zvládať duševné ťažkosti, životné problémy či zložité vzťahy. Nie je to zbierka pracovných úspechov. O svojich klientoch píše s rešpektom, s pokorou, ktorá zodpovedá zložitosti práce psychoterapeuta. 
521 |a pre nevidiacich, slabozrakých a inak zdravotne postihnutých 
650 0 7 |a psychoterapia  |2 SNKPH  |9 2575 
650 0 7 |a psychiatrickí pacienti  |2 SNKPH  |9 68722 
655 7 |a zvukové záznamy  |2 SNKPH  |9 70720 
655 7 |a slovenské príbehy  |2 SNKPH  |9 70494 
655 7 |a skutočné príbehy  |2 SNKPH  |9 86728 
655 7 |a CD-ROM  |2 SNKPH  |9 70236 
700 1 |a Kramár, Jpzef  |4 nrt  |9 538134 
752 |a Slovensko  |d Levoča 
787 0 8 |i Podľa knihy:  |t Dobro : príbehy zo psychoterapie  |d Bratislava : Ikar, a.s., 2022  |z 978-80-551-8522-4 
919 |a 978-80-18-11264-9 
999 |c 829554  |d 831484 
952 |a SNK  |b SNK  |y NEVYP  |7 1  |p 17A1545051  |o snkSCD 6800  |i snk2024/5137  |8 0  |0 0  |1 0  |4 0  |d 2024-03-26  |l 0  |r 2026-02-24 03:33:58  |w 2026-02-24